Η γλώσσα C σε βάθος : πλήρης οδηγός εκμάθησης της γλώσσας C με εκτενή αναφορά στις δομές δεδομένων

Αποθηκεύτηκε σε:
Λεπτομέρειες βιβλιογραφικής εγγραφής
Κύριος συγγραφέας: Χατζηγιαννάκης, Νίκος Μ.
Μορφή: Βιβλίο
Γλώσσα:Greek
Δημοσίευση: Αθήνα : Κλειδάριθμος, 2005
Θέματα:
Ετικέτες: Προσθήκη ετικέτας
Δεν υπάρχουν, Καταχωρήστε ετικέτα πρώτοι!

MARC

LEADER 00000cam a2200000 i 4500
001 1/23465
008 060202s2005 gre d
020 |a 960-209-859-7 
035 |l 10082432 
040 |a GR-MY-UA  |b gre  |e aacr 
041 0 |a gre 
082 0 |a 005.133  |2 (22) 
100 1 |a Χατζηγιαννάκης, Νίκος Μ. 
245 1 2 |a Η γλώσσα C σε βάθος :  |b πλήρης οδηγός εκμάθησης της γλώσσας C με εκτενή αναφορά στις δομές δεδομένων /  |c Νίκος Μ. Χατζηγιαννάκης 
260 |a Αθήνα :   |b Κλειδάριθμος,   |c 2005 
300 |a 432 σ.;  |b εικ., πιν.;  |c 24 εκ. 
504 |a Περιέχει βιβλιογραφία (σ. 424-425) και ευρετήριο 
650 0 0 |a C (Computer program language) 
650 0 0 |a Programming languages (Electronic computers) 
852 |a INST  |b LESVOS  |e 20060202  |h 005.133 ΧΑΤ  |p 005100034110  |q 005100034110  |t BK  |y 0 
852 |a INST  |b LESVOS  |e 20100305  |h 005.133 ΧΑΤ  |p 005100046766  |q 005100046766  |t BK  |y 0 
901 |a BIBL1-2006-1 
901 |a BIBL1-2010-1 
970 |a Καρά  |b Γιασεμή  |z 2006/02/02